Heart smart : a cardiologist’s 5-step plan for detecting, preventing, and even reversing heart disease
This is an important book addressing key health considerations relevant to every family in America. I urge every adult to read Heart Smart and every cardiologist's office to stock it and recommend it to their patients
Zapisane w:
| 1. autor: | |
|---|---|
| Format: | Książka |
| Język: | Undetermined |
| Wydane: |
Hoboken, N.J.
John Wiley & Sons
2006
|
| Hasła przedmiotowe: | |
| Etykiety: |
Dodaj etykietę
Nie ma etykietki, Dołącz pierwszą etykiete!
|
| Thư viện lưu trữ: | Trung tâm Học liệu Trường Đại học Cần Thơ |
|---|
| LEADER | 00996nam a2200241Ia 4500 | ||
|---|---|---|---|
| 001 | CTU_166002 | ||
| 008 | 210402s9999 xx 000 0 und d | ||
| 020 | |c 27.50 | ||
| 082 | |a 616.12 | ||
| 082 | |b D488 | ||
| 100 | |a DeVane, Matthew S | ||
| 245 | 0 | |a Heart smart : | |
| 245 | 2 | |b a cardiologist’s 5-step plan for detecting, preventing, and even reversing heart disease | |
| 245 | 0 | |c Matthew S. DeVane | |
| 260 | |a Hoboken, N.J. | ||
| 260 | |b John Wiley & Sons | ||
| 260 | |c 2006 | ||
| 520 | |a This is an important book addressing key health considerations relevant to every family in America. I urge every adult to read Heart Smart and every cardiologist's office to stock it and recommend it to their patients | ||
| 650 | |a Heart,Heart,Heart,Heart,Bệnh tim | ||
| 650 | |x Diseases,Diseases,Diagnosis,Diseases,Prevention,Diseases,Risk factor | ||
| 650 | |z Popular works,Popular works,Popular works | ||
| 910 | |a Nguyên | ||
| 980 | |a Trung tâm Học liệu Trường Đại học Cần Thơ | ||